000 00573nam a2200181 i 4500
001 52738
003 ES-MaACL
005 20250922144648.0
007 t|
008 030903s1968 sp ||||1| gao d
245 0 0 _aDeclaración universal dos dereitos do home /
_climiar do J.A. González Casanova.
250 _aEd. cuatrilingüe: galega, castelana, catalá e vasca.
260 _aA Coruña :
_bMoret,
_c1968.
300 _a60 p. ;
_c18 cm.
700 1 _aGonzález Casanova, J. A.,
_d1935-
_9144814
852 _aES-MaACL
_jC-37173
_bR.68145
999 _c52738
_d52738